[Event "AUTO-MASTER-3295"]
[Site "http://www.queenalice.com/game.php?id=1868895"]
[Date "2026.2.4"]
[Round "1"]
[White "rockaudrey"]
[Black "Pin"]
[Result "0-1"]
[WhiteElo "2291"]
[BlackElo "2136"]

1. e4 c5 2. Nf3 d6 3. d4 cxd4 4. Nxd4 Nf6 5. Nc3 a6 6. Be2 e5 7. Nb3 Be7 8. g4
h6 9. h4 Be6 10. Be3 Nbd7 11. Qd2 Nb6 12. O-O-O Qc7 13. g5 hxg5 14. hxg5 Rxh1
15. Rxh1 Ng8 16. Rh8 O-O-O 17. f4 exf4 18. Bxf4 Nc4 19. Qd4 Ne5 20. Nd5 Bxd5 21.
Qxd5 Qc6 22. Qxc6+ Nxc6 23. Bc4 Ne5 24. Bxe5 dxe5 25. Bxf7 Bxg5+ 26. Nd2 Bxd2+
27. Kd1 Bh6+ 28. Ke1 Nf6 29. Be6+ Kc7 30. Rxd8 Kxd8 31. Bf5 Kc7 32. Ke2 b6 33.
Kd3 Kd6 34. b4 Nd7 35. Bg6 Nb8 36. Kc4 Nc6 37. c3 Ne7 38. Be8 g5 39. Bh5 Ng8 40.
Bg4 Nf6 41. Bc8 b5+ 42. Kd3 g4 43. Bxa6 Kc6 44. Bc8 g3 45. Ke2 Nxe4 46. Kf3 Nxc3
47. Be6 Bf4 48. Bf7 Nd5 49. a3 Ne3 50. a4 bxa4 51. Be8+ Kd5 52. Bxa4 g2 53. Kf2
Bh2 54. Kxe3 g1=Q+ 0-1